000 00580nam a22001697a 4500
005 20250922123058.0
100 _aStocek, R.
245 _aA Comprehensive View Of Tyre Rubber Degradation In Service
260 _bInternational Rubber Conference-rubber Con 2024: Sustainable Development In Rubber Industry-challenges And Opportunities, 5-7 December 2024, Indian Rubber Institute, Kochi, India, P. 47.
_c2024
300 _bAbstract only
650 _aTyre
650 _aDegradation
650 _aCut & chip
700 _aKipscholl, R.
700 _aKipscholl, C.
942 _cJS
999 _c75606
_d75606